Italia centrale
Guardat en:
| Autor principal: | |
|---|---|
| Format: | Llibre |
| Idioma: | italià |
| Publicat: |
Milán
Touring Club Italiano
1925
|
| Col·lecció: | Guida d'Italia del Touring Club Italiano
|
| Matèries: | |
| Etiquetes: |
Afegir etiqueta
Sense etiquetes, Sigues el primer a etiquetar aquest registre!
|
MARC
| LEADER | 00000nam a2200000 a 4500 | ||
|---|---|---|---|
| 001 | UCZ4034 | ||
| 003 | CL-VaPUC | ||
| 008 | 951106e19250000IT |||||||||||||||||ita|d | ||
| 082 | 0 | 4 | |a 910.202 |b BER |2 21 |
| 100 | 0 | |a Bertarelli, L. V |e author |9 347914 | |
| 245 | 1 | 0 | |a Italia centrale |
| 300 | |a v | ||
| 942 | |c BK | ||
| 945 | |d 19951106 00:00:00 |a rbrito | ||
| 260 | |a Milán |b Touring Club Italiano |c 1925 | ||
| 500 | |a v.4: Roma e Dintorni | ||
| 650 | 0 | |a Turismo |9 308920 | |
| 650 | 0 | |a Viajes al extranjero |9 334153 | |
| 650 | 0 | |a Vacaciones |9 548460 | |
| 650 | 0 | |a Guías de viajes |9 347184 | |
| 583 | |a last modification |c 19951106 00:00:00 |k Rodrigo Vera | ||
| 490 | 0 | |a Guida d'Italia del Touring Club Italiano | |
| 999 | |c 240472 |d 240470 | ||
| 952 | |0 0 |1 0 |4 0 |6 910_202000000000000_BER_1925 |7 0 |8 P |9 252357 |a BIBARQ |b BIBARQ |d 2019-11-18 |h v.4 |i 3142418 |o 910.202 BER 1925 |p 3142418 |r 2025-01-20 |w 2019-11-18 |y BK |k ARQ | ||